000 00656cam a22002053a 4500
001 40234
003 PGUSA
005 20140828083909.0
008 120714s2012||||xxu|||||s|||||000 | eng d
040 _aPGUSA
_beng
042 _adc
100 1 _aMitchell, Charles L.
245 1 4 _aThe Early Introduction of Bogus Freemasonry in the United States of America and Texas Among Colored Masons
_h[electronic resource] /
_cCharles L. Mitchell
260 _bProject Gutenberg,
_c2012
506 _aPublic domain in the USA.
516 _aElectronic text
830 0 _aProject Gutenberg
_v40234
856 4 0 _uhttp://www.gutenberg.org/ebooks/40234
942 _cEB
999 _c269487
_d269487